[Event "65th Rtng Kimry chess Championship"]
[Site "Kimry"]
[Date "2012.01.06"]
[Round "8.13"]
[White "Sharkova, Vera"]
[Black "Sepp, Yuri"]
[Result "0-1"]
[WhiteElo "1902"]
[BlackElo "1970"]
[PlyCount "102"]
[EventDate "2012.01.02"]

1. e4 c5 2. d4 cxd4 3. c3 dxc3 4. Nxc3 Nc6 5. Bc4 d6 6. Nf3 e6 7. O-O Nf6 8.
Qe2 Be7 9. Rd1 Qa5 10. Bd2 Qh5 11. Nb5 O-O 12. Bg5 Rd8 13. h3 Ne5 14. Nxe5 Qxg5
15. Nf3 Qh5 16. Qe3 Qc5 17. Qe2 a6 18. Nbd4 b5 19. Bb3 Bd7 20. Rac1 Qb6 21. Bc2
g6 22. e5 Ne8 23. Bb1 Rac8 24. g4 Rxc1 25. Rxc1 dxe5 26. Qxe5 Bf6 27. Qc5 Bxd4
28. Nxd4 Qxc5 29. Rxc5 Rc8 30. Rxc8 Bxc8 31. Be4 Nd6 32. Bc6 e5 33. Nb3 Nc4 34.
Nc5 Nxb2 35. Ne4 Be6 36. Nc5 Bxa2 37. Nxa6 Bc4 38. Be4 Nd3 39. Kg2 Nf4+ 40. Kg3
Kg7 41. h4 h6 42. Nb4 Kf6 43. Kf3 g5 44. h5 Be2+ 45. Kg3 Ke6 46. f3 Kd6 47. Kf2
Bc4 48. Ke3 Nd5+ 49. Nxd5 Bxd5 50. Bb1 Kc5 51. Bc2 b4 0-1

[Event "65th Rtng Kimry chess Championship"]
[Site "Kimry"]
[Date "2012.01.06"]
[Round "8.14"]
[White "Khmurina, Anastasia"]
[Black "Doronine, Vladimir"]
[Result "0-1"]
[WhiteElo "1253"]
[BlackElo "1798"]
[PlyCount "40"]
[EventDate "2012.01.02"]

1. e4 e5 2. Nf3 Nf6 3. Nc3 Nc6 4. Bb5 g6 5. Bxc6 bxc6 6. d3 d6 7. O-O Bg7 8. h3
O-O 9. Be3 c5 10. Re1 Nd7 11. Rb1 f5 12. a3 f4 13. Bd2 Nb6 14. g3 Bxh3 15. gxf4
exf4 16. Qc1 Qd7 17. Kh1 Qg4 18. Rg1 Qxf3+ 19. Kh2 Bd7 20. Qd1 Qh3# 0-1

[Event "65th Rtng Kimry chess Championship"]
[Site "Kimry"]
[Date "2012.01.07"]
[Round "9.1"]
[White "Milkin, Sergey"]
[Black "Volkov, Sergei"]
[Result "0-1"]
[WhiteElo "2045"]
[BlackElo "2259"]
[PlyCount "105"]
[EventDate "2012.01.02"]

1. d4 Nf6 2. Nf3 b5 3. e3 a6 4. c3 Bb7 5. Bd3 d6 6. O-O Nbd7 7. Re1 c5 8. e4 e5
9. Bg5 Be7 10. Nbd2 O-O 11. Nf1 Re8 12. Ng3 Bf8 13. Nf5 h6 14. Bh4 g6 15. Bxf6
Qxf6 16. dxe5 Nxe5 17. Nxe5 Qxe5 18. Ne3 h5 19. f3 Bh6 20. Nd5 Bxd5 21. exd5
Qf4 22. Re4 Rxe4 23. fxe4 c4 24. Bc2 Qe3+ 25. Kh1 Bg7 26. Qe1 Qxe1+ 27. Rxe1
Rb8 28. g3 a5 29. Kg2 b4 30. Rb1 Be5 31. a3 Kg7 32. axb4 axb4 33. cxb4 Rxb4 34.
b3 c3 35. Ra1 Rb8 36. Ra7 h4 37. Ra1 hxg3 38. hxg3 Kh6 39. Ra7 f6 40. Ra1 Kg5
41. Rf1 Ra8 42. Rf2 Kh6 43. Bb1 Ra1 44. Rf1 Kg7 45. Bd3 Ra2+ 46. Rf2 Ra3 47.
Bc4 Kf7 48. Kf3 Ke7 49. Rg2 Bd4 50. Re2 Ra1 51. Kg2 Rg1+ 52. Kf3 Be5 53. Rg2
0-1

[Event "65th Rtng Kimry chess Championship"]
[Site "Kimry"]
[Date "2012.01.07"]
[Round "9.2"]
[White "Vdovin, Vadim"]
[Black "Pospelov, Sergey"]
[Result "1-0"]
[WhiteElo "2141"]
[BlackElo "2019"]
[PlyCount "91"]
[EventDate "2012.01.02"]

1. e4 c5 2. d4 cxd4 3. c3 dxc3 4. Nxc3 Nc6 5. Nf3 e6 6. Bc4 d6 7. O-O Nf6 8.
Qe2 Be7 9. Rd1 Qa5 10. Bf4 O-O 11. Bxd6 Bxd6 12. Rxd6 Ne5 13. Rad1 Bd7 14. Nxe5
Qxe5 15. Rxd7 Nxd7 16. Rxd7 b6 17. Qd2 Rac8 18. Ba6 Rc7 19. Rd8 g6 20. Qd6 Qxd6
21. Rxd6 Kg7 22. f4 Rb8 23. a4 Re8 24. Kf2 e5 25. f5 gxf5 26. exf5 f6 27. g4 h6
28. Ke3 Rf8 29. h4 Rff7 30. g5 fxg5 31. hxg5 hxg5 32. Rg6+ Kf8 33. Rxg5 Rh7 34.
Ke4 Rh2 35. Nd5 Rc5 36. b3 Rh1 37. Kxe5 Rd1 38. Bc4 a6 39. Kd6 Rc8 40. Kd7 Rc5
41. Kd6 Rc8 42. f6 b5 43. axb5 axb5 44. Bxb5 Kf7 45. Bd7 Rh8 46. Be6+ 1-0

[Event "65th Rtng Kimry chess Championship"]
[Site "Kimry"]
[Date "2012.01.07"]
[Round "9.3"]
[White "Dobrovolsky, Konstantin"]
[Black "Ustinov, Alexey"]
[Result "1/2-1/2"]
[WhiteElo "2279"]
[BlackElo "2147"]
[PlyCount "103"]
[EventDate "2012.01.02"]

1. d4 d5 2. c4 c6 3. Nf3 Nf6 4. Nc3 dxc4 5. a4 c5 6. d5 e6 7. e4 Nxe4 8. Nxe4
exd5 9. Nc3 Be6 10. Ng5 Nc6 11. Be2 Be7 12. Nxe6 fxe6 13. Bh5+ g6 14. Bg4 Kf7
15. O-O Nd4 16. Re1 Bf6 17. Be3 Re8 18. Bxd4 cxd4 19. Ne2 e5 20. Qd2 Qb6 21.
Rad1 Rad8 22. Kh1 d3 23. Nc3 Kg7 24. f3 h6 25. g3 a6 26. Bh3 Qd4 27. Bg2 Bg5
28. f4 exf4 29. Rxe8 Rxe8 30. Bf3 fxg3 31. Qg2 d2 32. hxg3 Re1+ 33. Kh2 Rxd1
34. Nxd1 b5 35. axb5 axb5 36. Bxd5 b4 37. Qe4 Qxe4 38. Bxe4 Bf6 39. Kg2 Bd4 40.
Kf3 Kf6 41. Bd5 Bxb2 42. Bxc4 Be5 43. Bb3 Kg5 44. Nf2 Bc3 45. Bc2 h5 46. Ne4+
Kh6 47. Kf4 g5+ 48. Kf5 g4 49. Nf2 Bd4 50. Nd3 h4 51. Kxg4 hxg3 52. Kxg3
1/2-1/2

[Event "65th Rtng Kimry chess Championship"]
[Site "Kimry"]
[Date "2012.01.07"]
[Round "9.4"]
[White "Pavlova, Kseniia"]
[Black "Rumjantsev, Juri"]
[Result "0-1"]
[WhiteElo "1971"]
[BlackElo "2133"]
[PlyCount "114"]
[EventDate "2012.01.02"]

1. e4 Nf6 2. Nc3 d5 3. e5 Nfd7 4. d4 c5 5. Bb5 e6 6. Nf3 cxd4 7. Nxd4 a6 8.
Bxd7+ Bxd7 9. O-O Nc6 10. Nf3 Qc7 11. Re1 Bc5 12. Be3 Be7 13. Bf4 O-O 14. Bg3
Qb6 15. Rb1 Rac8 16. a3 Rc7 17. Bf4 Qa7 18. Ng5 Bxg5 19. Bxg5 Qd4 20. Qe2 Qxe5
21. Qxe5 Nxe5 22. Be7 Nc4 23. Bxf8 Kxf8 24. Ne2 e5 25. Red1 Be6 26. a4 Ke7 27.
Rdc1 Bf5 28. Ng3 Bg6 29. Nf1 d4 30. f3 Nd6 31. b3 Rxc2 32. Rxc2 Bxc2 33. Rb2
Bg6 34. Nd2 Ke6 35. Nc4 f5 36. Kf2 e4 37. Ke2 Be8 38. Rd2 Nxc4 39. bxc4 Ke5 40.
f4+ Kxf4 41. Rxd4 Bxa4 42. g3+ Ke5 43. Rd8 Bc6 44. Rg8 Kf6 45. Ke3 g5 46. Rf8+
Ke5 47. Rf7 h6 48. Rh7 f4+ 49. Ke2 Kd4 50. Rxh6 f3+ 51. Ke1 e3 52. Rf6 Kxc4 53.
h4 gxh4 54. gxh4 Kd4 55. h5 Ke5 56. Rf8 f2+ 57. Kf1 Bb5+ 0-1

[Event "65th Rtng Kimry chess Championship"]
[Site "Kimry"]
[Date "2012.01.07"]
[Round "9.6"]
[White "Nefedov, Dmitriy"]
[Black "Kobozeva, Viktoria"]
[Result "0-1"]
[WhiteElo "2089"]
[BlackElo "1851"]
[PlyCount "84"]
[EventDate "2012.01.02"]

1. d4 d5 2. Nf3 Nf6 3. g3 Bf5 4. Bg2 e6 5. O-O Bd6 6. c4 c6 7. b3 h6 8. Bb2 O-O
9. Nc3 Nbd7 10. e3 Re8 11. cxd5 exd5 12. a3 a5 13. Nd2 Qe7 14. Re1 Qd8 15. f3
Qb6 16. Kh1 Bg6 17. Rc1 Re7 18. e4 Rae8 19. e5 Qxd4 20. Na4 Qa7 21. f4 Bc7 22.
Rg1 Bh5 23. Bf3 Bxf3+ 24. Qxf3 Nh7 25. Nc3 Bb6 26. Rg2 f6 27. Rf1 fxe5 28. fxe5
Nxe5 29. Qh5 Nf6 30. Qf5 Neg4 31. Nd1 Bd4 32. Bxd4 Qxd4 33. h3 Ne3 34. Nxe3
Qxe3 35. Qg6 Qe6 36. Kh2 Ne4 37. Qh5 Nxd2 38. Rxd2 Qe3 39. Qd1 Qxd2+ 40. Qxd2
Re2+ 41. Rf2 Rxd2 42. Rxd2 Re3 0-1

[Event "65th Rtng Kimry chess Championship"]
[Site "Kimry"]
[Date "2012.01.07"]
[Round "9.7"]
[White "Golubeva, Maria"]
[Black "Redikultsev, Boris"]
[Result "1-0"]
[WhiteElo "1889"]
[BlackElo "2060"]
[PlyCount "81"]
[EventDate "2012.01.02"]

1. d4 Nf6 2. c4 e5 3. dxe5 Ng4 4. Nf3 Nc6 5. e3 Ngxe5 6. Nxe5 Nxe5 7. Nd2 Qe7
8. a3 g6 9. Nf3 Bg7 10. Be2 O-O 11. Qc2 d6 12. Bd2 Be6 13. Nxe5 dxe5 14. Bb4 c5
15. Bc3 f6 16. O-O Qf7 17. b3 Rab8 18. Rfd1 b5 19. Ba5 bxc4 20. bxc4 Rb7 21.
Bf3 Rd7 22. Rxd7 Qxd7 23. Rd1 Qe7 24. Bd5 Re8 25. Qa4 Bf8 26. Qc6 Bf7 27. Rb1
Bxd5 28. cxd5 e4 29. Bc3 Bg7 30. Rb7 Qf8 31. Rxa7 Rb8 32. Qe6+ Kh8 33. g3 Ra8
34. Rxa8 Qxa8 35. Bxf6 c4 36. Bxg7+ Kxg7 37. Qe7+ Kh6 38. Qh4+ Kg7 39. Qxe4 Qc8
40. Qd4+ Kf7 41. d6 1-0

[Event "65th Rtng Kimry chess Championship"]
[Site "Kimry"]
[Date "2012.01.07"]
[Round "9.9"]
[White "Mironova, Natalia"]
[Black "Terentieva, Alena"]
[Result "1-0"]
[WhiteElo "1826"]
[BlackElo "1869"]
[PlyCount "115"]
[EventDate "2012.01.02"]

1. e4 e5 2. Nf3 Nc6 3. Bc4 Bc5 4. c3 Bb6 5. O-O Nf6 6. d4 Qe7 7. Bg5 O-O 8. Re1
d6 9. h3 Qd8 10. Na3 exd4 11. cxd4 h6 12. Bh4 g5 13. Bg3 Nh5 14. Bh2 Nf4 15.
Bxf4 gxf4 16. Qd2 Qf6 17. e5 dxe5 18. dxe5 Qg7 19. Kh2 Kh8 20. Qxf4 Rg8 21. Nh4
Be6 22. Re2 Nd4 23. Rd2 Nf5 24. Rg1 Nxh4 25. Qxh4 Qxe5+ 26. Kh1 Qg5 27. Qxg5
Rxg5 28. Bxe6 fxe6 29. g3 Rf8 30. Kg2 Rgf5 31. Rf1 e5 32. Re2 e4 33. Nc4 Bc5
34. Ne3 Bxe3 35. Rxe3 Ra5 36. a3 Rb5 37. b4 Re8 38. Rfe1 Rbe5 39. Kf1 c6 40. f3
Kg7 41. Rxe4 Rxe4 42. Rxe4 Rxe4 43. fxe4 Kf6 44. Ke2 Ke5 45. Ke3 b6 46. g4 c5
47. bxc5 bxc5 48. Kd3 c4+ 49. Kxc4 Kxe4 50. h4 Kf4 51. g5 hxg5 52. hxg5 Kxg5
53. Kb5 Kf5 54. Ka6 Ke6 55. Kxa7 Kd5 56. Ka6 Kc5 57. a4 Kb4 58. a5 1-0

[Event "65th Rtng Kimry chess Championship"]
[Site "Kimry"]
[Date "2012.01.07"]
[Round "9.10"]
[White "Sepp, Yuri"]
[Black "Geshko., Aleksey"]
[Result "0-1"]
[WhiteElo "1970"]
[BlackElo "1867"]
[PlyCount "146"]
[EventDate "2012.01.02"]

1. e4 c5 2. Nf3 d6 3. d4 cxd4 4. Nxd4 Nf6 5. f3 e6 6. c4 Be7 7. Nc3 O-O 8. Be3
b6 9. Bd3 a6 10. O-O Bb7 11. a3 Nbd7 12. Be2 Rc8 13. Rc1 Qc7 14. Qe1 Rfe8 15.
Qf2 Qb8 16. Rfd1 Ne5 17. Qf1 Rc7 18. Na4 Ned7 19. b4 Rec8 20. Nb2 Qa8 21. Ra1
Bc6 22. Nxc6 Rxc6 23. Bd4 R6c7 24. Rd2 h6 25. Qf2 Qb7 26. Qf1 Qa8 27. Rad1 a5
28. Qf2 axb4 29. axb4 d5 30. e5 Nh7 31. cxd5 exd5 32. Nd3 Qb7 33. f4 Nhf8 34.
f5 Bg5 35. Ra2 Rc2 36. Rda1 Rxa2 37. Rxa2 Qc7 38. Ra1 Qc2 39. g3 Qd2 40. Rd1
Qa2 41. h4 Be7 42. Ra1 Qb3 43. Ra7 Bxb4 44. Nxb4 Qxb4 45. e6 Nc5 46. Rxf7 Qb1+
47. Qf1 Qxf1+ 48. Kxf1 Ncxe6 49. fxe6 Nxe6 50. Rf4 Nxf4 51. gxf4 Rf8 52. Bxb6
Rxf4+ 53. Bf2 Kf7 54. Kg2 Ke6 55. Kg3 Ra4 56. Kf3 Ke5 57. Bg3+ Kd4 58. Bf2+ Kc3
59. Be1+ Kc2 60. Bf2 d4 61. Bb5 Ra3+ 62. Kf4 d3 63. Bc5 Ra5 64. Bxd3+ Kxd3 65.
Bf8 Ra7 66. Kg4 Rf7 67. Ba3 Ke4 68. Kh5 Kf5 69. Bb2 Rb7 70. Bc3 Rc7 71. Bb2 Rd7
72. Bc3 g5 73. Be1 Rd1 0-1

[Event "65th Rtng Kimry chess Championship"]
[Site "Kimry"]
[Date "2012.01.07"]
[Round "9.11"]
[White "Doronine, Vladimir"]
[Black "Filatov, Roman A"]
[Result "0-1"]
[WhiteElo "1798"]
[BlackElo "2072"]
[PlyCount "82"]
[EventDate "2012.01.02"]

1. d4 Nf6 2. Nf3 g6 3. g3 Bg7 4. Bg2 O-O 5. c4 d6 6. Nc3 Nbd7 7. O-O c6 8. e4
e5 9. d5 cxd5 10. cxd5 a5 11. Bg5 Nc5 12. Nd2 b6 13. f4 Ba6 14. Rf3 h6 15. fxe5
hxg5 16. exf6 Bxf6 17. Bf1 g4 18. Rxf6 Qxf6 19. Bxa6 Rxa6 20. Qe2 Raa8 21. Nc4
Rae8 22. Kg2 b5 23. Rf1 Qe7 24. Nxb5 Nxe4 25. Nxa5 Qg5 26. Rd1 Nc3 27. Nxc3
Rxe2+ 28. Nxe2 Qe3 29. Nc3 Qf3+ 30. Kg1 Re8 31. Nc4 Qf6 32. a4 Rc8 33. Ne3 Qf3
34. Re1 Re8 35. Ncd1 f5 36. a5 Qe4 37. Nc2 Qxe1+ 38. Nxe1 Rxe1+ 39. Kf2 Rxd1
40. Ke3 Rxd5 41. b4 Rb5 0-1

[Event "65th Rtng Kimry chess Championship"]
[Site "Kimry"]
[Date "2012.01.07"]
[Round "9.13"]
[White "Asrian, Armen"]
[Black "Danilov, Alexander"]
[Result "1-0"]
[WhiteElo "2097"]
[BlackElo "1759"]
[PlyCount "101"]
[EventDate "2012.01.02"]

1. e4 e5 2. Nf3 Nc6 3. Bb5 a6 4. Ba4 Nf6 5. O-O b5 6. Bb3 Be7 7. Re1 O-O 8. a4
Bb7 9. d3 h6 10. axb5 axb5 11. Rxa8 Bxa8 12. Nc3 Qb8 13. Nd5 Bd8 14. c3 d6 15.
Ne3 Ne7 16. Nh4 Qc8 17. Qf3 Bc6 18. h3 Bd7 19. g4 Nh7 20. Qg3 Kh8 21. Kh2 Be6
22. Bc2 Qd7 23. Rg1 Ng6 24. Nhg2 Bg5 25. Nf5 Rg8 26. Bxg5 Nxg5 27. f4 exf4 28.
Nxf4 Nxf4 29. Qxf4 f6 30. h4 Nf7 31. d4 d5 32. exd5 Bxd5 33. Ne3 Ba8 34. Rf1
Qd6 35. Bb3 Qxf4+ 36. Rxf4 Rf8 37. g5 Nd6 38. gxh6 gxh6 39. Nf5 Nxf5 40. Rxf5
c6 41. Kg3 Bb7 42. Rc5 Kg7 43. Kf4 Re8 44. Bd1 Re1 45. Bf3 Rf1 46. d5 Ba8 47.
dxc6 Kf7 48. Kg3 Ke7 49. Kg2 Rb1 50. c7 Rxb2+ 51. Kg3 1-0

[Event "65th Rtng Kimry chess Championship"]
[Site "Kimry"]
[Date "2012.01.07"]
[Round "9.16"]
[White "Khmurina, Anastasia"]
[Black "Voropaev, Pavel"]
[Result "1-0"]
[WhiteElo "1253"]
[BlackElo "1303"]
[PlyCount "65"]
[EventDate "2012.01.02"]

1. e4 e5 2. Nf3 Nc6 3. Nc3 Nf6 4. Bb5 a6 5. Bxc6 dxc6 6. Nxe5 Bd6 7. f4 O-O 8.
d3 h6 9. Nf3 Bb4 10. Bd2 Bg4 11. e5 Nd7 12. h3 Bh5 13. g4 Bg6 14. f5 Bh7 15. a3
Ba5 16. b4 Bb6 17. Na4 g6 18. Nxb6 Nxb6 19. fxg6 fxg6 20. g5 Qd5 21. O-O c5 22.
gxh6 cxb4 23. Ng5 Rxf1+ 24. Qxf1 Qd4+ 25. Kh2 Qxe5+ 26. Kg2 Rf8 27. Re1 Qd5+
28. Nf3 bxa3 29. Bb4 Rb8 30. Re5 Qa2 31. Qe2 Nd5 32. Re8+ Kf7 33. Re7+ 1-0